Science Quiz

Random Science or Letter Quiz

Chemistry Nobelists per Letter Quiz Stats

Quiz not verified by Sporcle

Challenge
Share
Tweet
Embed
Score 0/23 Timer 05:00
0 Plays Today
Letter Nobel Laureates in Chemistry % Correct
CCalvin Cech Chalfie Chauvin Ciechanover Corey Cornforth Cram Crutzen Curie Curl
88.1%
SSabatier Sanger Schrock Seaborg Semenov Sharpless Shechtman Shimomura...
87%
HHaber Hahn Harden Hassel Hauptman Haworth Heck Heeger Hell Herschbach Hershko Herzberg Heyrovsky Hinshelwood Hodgkin Hoffmann Huber
74.4%
GGiauque Gilbert Grignard Grubbs
72.3%
WWalker Wallach Warshel Werner Wieland Wilkinson Willstätter Windaus Wittig Woodward Wüthrich
68.8%
NNatta Negishi Nernst Norrish Northrop Noyori
59.5%
PPauling Pedersen Perutz Polanyi Pople Porter Pregl Prelog Prigogine
58.2%
ZZewail Ziegler Zsigmondy
47.9%
BBaeyer Barton Berg Bergius Betzig Bosch Boyer Brown Buchner Butenandt
47.6%
FFenn Fischer Fischer Fischer Flory Fukui
43.1%
KKarle Karplus Karrer Kendrew Klug Knowles Kobilka Kohn Kornberg Kroto Kuhn
42.9%
AAgre Alder Altman Anfinsen Arrhenius Aston
42.2%
Letter Nobel Laureates in Chemistry % Correct
LLangmuir Lee Lefkowitz Lehn Leloir Levitt Libby Lipscomb
37.8%
MMacDiarmid MacKinnon Marcus Martin McMillan Merrifield Michel Mitchell Moerner Moissan Molina Moore Mulliken Mullis
37.8%
RRamakrishnan Ramsay Richards Robinson Rose Rowland Rutherford Ruzicka
37.7%
DDe Hevesy Debye Deisenhofer Diels
29%
TTanaka Taube Tiselius Todd Tsien
28.6%
OOlah Onsager Ostwald
27.9%
EEigen Ernst Ertl
27%
Vvan 't Hoff Vigneaud Virtanen Von Euler-Chelpin
23.8%
YYonath
18.7%
UUrey
16.6%
JJoliot Joliot-Curie
13.5%

You're not logged in!

Compare scores with friends on all Sporcle quizzes.
Sign Up with Email
OR
Log In

You Might Also Like...

Show Comments

Extras

Top Quizzes Today


Score Distribution

Your Account Isn't Verified!

In order to create a playlist on Sporcle, you need to verify the email address you used during registration. Go to your Sporcle Settings to finish the process.

Report this User

Report this user for behavior that violates our Community Guidelines.

Details: